Návrh zlepšenia systému vzdelávania a rozvoja zamestnancov v podniku Holger Christiansen Production Slovakia, s.r.o.

Enregistré dans:
Détails bibliographiques
Auteur principal: Agnerová, Simona (Auteur)
Autres auteurs: Gyurák Babeľová, Zdenka (Directeur de thèse)
Format: Manuscrit Livre
Langue:slovaque
Publié: 2018
Sujets:
Accès en ligne:http://is.stuba.sk/zp/portal_zp.pl?podrobnosti=138732
Tags: Ajouter un tag
Pas de tags, Soyez le premier à ajouter un tag!

MARC

LEADER 00000ntm a22000003a 4500
001 stuzp68354
003 SK-STU
005 20180820160331.6
007 ta
008 150427s2015----xo-----f-mn---000-0-slo-d
040 |a STU  |b slo 
041 0 |a slo 
100 1 |a Agnerová, Simona  |u 064000  |4 aut  |U MTF Materiálovotechnologická fakulta  |T MTF Ústav priemyselného inžinierstva a manažmentu  |X 65496  |U M4000  |Y 84  |7 65496 
242 0 1 |a Proposal of improvement of employee education and development system at Holger Christiansen Production Slovakia, s.r.o.  |y eng 
245 1 0 |a Návrh zlepšenia systému vzdelávania a rozvoja zamestnancov v podniku Holger Christiansen Production Slovakia, s.r.o. 
260 |c 2018 
650 4 |a rotácia práce  |2 slo 
650 4 |a orientácia  |2 slo 
650 4 |a vzdelávanie a rozvoj zamestnancov  |2 slo 
650 4 |a ľudské zdroje  |2 slo 
650 4 |a human resources  |2 eng 
650 4 |a job rotation  |2 eng 
650 4 |a introduction  |2 eng 
650 4 |a education and development of employees  |2 eng 
700 1 |a Gyurák Babeľová, Zdenka  |u 064000  |k Z1  |4 ths  |U MTF Materiálovotechnologická fakulta  |T MTF Ústav priemyselného inžinierstva a manažmentu  |X 4411  |U M4000  |Y 84  |7 A000004411 
856 4 |u http://is.stuba.sk/zp/portal_zp.pl?podrobnosti=138732 
996 |c M* DP-13709  |l MMSKP  |s P  |a 0  |w stuzp68354_0001